| 000 | 00406nam a2200121Ia 4500 | ||
|---|---|---|---|
| 008 | 160609s9999 xx 000 0 und d | ||
| 100 | _aDerakhshani, Dariush. | ||
| 245 | _aAutodesk 3ds Max 2016 Essentials: Autodesk Official Press | ||
| 245 | _cBy:Dariush Derakhshani, Randi L. Derakhshani | ||
| 260 | _c2015 | ||
| 650 | _x3D MODELING | ||
| 856 | _uhttp://file.ebook777.com/005/Aut3dsMax201EssAutOffPre.pdf | ||
| 999 |
_c295708 _d295708 |
||